Statystyki dla Państwa francuskojęzyczne

Kliknij tutaj aby rozwiązać quiz!

Ogólne statystyki

  • Ten quiz został rozwiązany 16 145 razy
    (7 811 od ostatniego zresetowania)
  • Średni wynik to 12 z 29

Statystyki odpowiedzi

%Kraj% Poprawnych
97%Francja
99%
75%Belgia
80%
67%Szwajcaria
72%
63%Algieria
68%
92%Luksemburg
66%
29%Kanada
63%
35%Maroko
63%
97%Monako
63%
70%Andora
60%
51%D. R. Konga
52%
26%Senegal
52%
59%Kongo
49%
52%Tunezja
49%
25%Gwinea
45%
41%Kamerun
41%
33%Wybrzeże Kości
Słoniowej
39%
40%Togo
36%
66%Gabon
33%
33%Benin
31%
29%Gwinea Równikowa
30%
28%Republika
Środkowoafrykańska
27%
42%Haiti
21%
73%Mauritius
20%
53%Seszele
19%
26%Komory
18%
50%Dżibuti
16%
38%Liban
15%
25%Portugalia
10%
32%Vanuatu
8%

Rozkład punktacji

Percentyl według liczby udzielonych odpowiedzi

Procent ludzi z każdym wynikiem

Twoja historia wyników

Nie rozwiązałeś tego quizu od ostatniego zresetowania